Catalogo

Rentas, crédito y moneda en la formación del Estado: la provincia de Tunja durante la primera mitad del siglo XIX (Registro nro. 14093)

Detalles MARC
000 -LEADER
fixed length control field 00601nam a2200193Ia 4500
005 - DATE AND TIME OF LATEST TRANSACTION
control field 20251006225607.0
008 - FIXED-LENGTH DATA ELEMENTS--GENERAL INFORMATION
fixed length control field 251006t2001||||xx |||||||||||||| ||und||
040 ## - CATALOGING SOURCE
Original cataloging agency CBC
100 ## - MAIN ENTRY--PERSONAL NAME
Personal name Dotor Robayo, María Victoria
245 ## - TITLE STATEMENT
Title Rentas, crédito y moneda en la formación del Estado: la provincia de Tunja durante la primera mitad del siglo XIX
300 ## - PHYSICAL DESCRIPTION
Extent p. 359-382
650 ## - SUBJECT ADDED ENTRY--TOPICAL TERM
Topical term or geographic name entry element ESTADO
650 ## - SUBJECT ADDED ENTRY--TOPICAL TERM
Topical term or geographic name entry element HISTORIA ECONOMICA
650 ## - SUBJECT ADDED ENTRY--TOPICAL TERM
Topical term or geographic name entry element POLITICA FISCAL
650 ## - SUBJECT ADDED ENTRY--TOPICAL TERM
Topical term or geographic name entry element SIGLO XIX
651 ## - SUBJECT ADDED ENTRY--GEOGRAPHIC NAME
Geographic name COLOMBIA
773 ## - HOST ITEM ENTRY
Main entry heading Anuario de historia regional y de las fronteras No. 6 (2001)
942 ## - ADDED ENTRY ELEMENTS (KOHA)
Catalogador MJCh

No hay ítems disponibles.

Dirección

Pasaje Pampa de La Alianza 164 / Cusco, Cusco, Perú 08001

Horario de atención

Lunes a Viernes
Turno mañana:  9:00am - 1:00pm
Turno tarde:  3:00pm - 6:00pm



Teléfonos

Fijo: +5184245415 / Movil: +51974943010